00573 a2200205 4500022001200000050002100012100002600033245007200059264003800131300001200169500001900181650003500200651001700235700002500252700002100277700002200298700002000320700001300340700001400353 INo ISSN aKTL19.A35SOU1999 aFisher, D. S.eeditor aSouth African law reports:b1999(2) -April /cDavid Fisher, et...al aCape Town:bJuta & Company,c1999 a365p. : aIncludes index aLaw reports, . -- South Africa aSouth Africa aBadenhorst Beeditor aHanmer Needitor aPienaar Geeditor aEvans Jeeditor aColler K aBedwell G